000 00995nas a2200253Ia 4500
001 R020/42813
003 IT-RoPAU
008 151124c99999999xx |||||||||||| ||und||
040 _aIT-RoPAU
040 _cIT-RoPAU
041 _aITALIANO
100 _aCrafton Donald
_gCodice Aut. SPICS: 22098
210 _aGRIFFITHIANA
222 _aGriffithiana
245 _aGRIFFITHIANA, ANNO 08-N.22/23 (MAGGIO 1985)
_bFelix, Ovvero Felicita' Felina
250 _a1a ed.
260 _aGENOVA - UDINE
_bHUMOUDA A.R. / CINEPOPOLARE
_c1985
501 _bPaulus - SPICS - Società San Paolo EM (non-commercial uses only)
_cCopyright2015
300 _a18 p. [5-22]
362 _aANNO 008, N.22/23 (MAGGIO 1985)
500 _aRiflessioni Sulla Serie di Cartoni Animati Felix The Cat di Otto Messmer. Vari Temi della Serie: Felix Escluso, Felix Minacciato, Felix Affamato, Felix con le Allucinazioni, Felix Buon Samaritano, Felix Damerino.
650 _aCINEMA
_vPUBBLICAZIONE PERIODICA
942 _cCR
999 _c124740
_d124740